[Event "185th MGU Open 2017"]
[Site "Sofia BUL"]
[Date "2017.04.09"]
[Round "4.2"]
[White "Andreev,Do"]
[Black "Babatov,Martin"]
[Result "0-1"]
[WhiteElo "1986"]
[BlackElo "1709"]

1.e4 c6 2.Nc3 d5 3.Nf3 dxe4 4.Nxe4 Bg4 5.Bc4 e6 6.Ng3 Nf6 7.h3 Bxf3 8.Qxf3 Bd6
9.d4 Qc7 10.Ne4 Nxe4 11.Qxe4 Qe7 12.Qg4 Qf6 13.Bg5 Qf5 14.Qxf5 exf5 15.Bd3 f4
16.Bh4 h6 17.f3 g5 18.Bf2 Nd7 19.O-O-O O-O-O 20.d5 c5 21.Bf5 Kb8 22.Bxd7 Rxd7
{#R} 0-1

[Event "185th MGU Open 2017"]
[Site "Sofia BUL"]
[Date "2017.04.09"]
[Round "4.5"]
[White "Ruschukov,Boyan"]
[Black "Mladenov,Andrey"]
[Result "1-0"]
[WhiteElo "1801"]
[BlackElo "1552"]

1.d4 d5 2.c4 c6 3.Nf3 Nf6 4.Nc3 e6 5.Bg5 dxc4 6.e4 b5 7.e5 h6 8.Bh4 g5 9.Nxg5
hxg5 10.Bxg5 Nbd7 11.exf6 Bb7 12.g3 Qb6 13.Bg2 O-O-O 14.O-O c5 15.d5 b4 16.Na4
Qb5 17.a3 exd5 18.axb4 cxb4 19.b3 c3 20.Rc1 Bh6 21.Qg4 Bxg5 22.Qxg5 Rdg8
23.Qe3 Kb8 24.Rfd1 Re8 25.Qd4 Rh5 26.f4 Rhh8 27.Bxd5 Bxd5 28.Qxd5 Qxd5 29.Rxd5
Kc7 30.Nxc3 bxc3 31.Rxc3+ Kb6 32.Rxd7 Re2 33.h4 Rhe8 34.Re7 Rd8 35.Rxe2 {#r}
1-0

[Event "185th MGU Open 2017"]
[Site "Sofia BUL"]
[Date "2017.04.09"]
[Round "5.4"]
[White "Arshinkova,Boryana"]
[Black "Gelemerov,Yane"]
[Result "0-1"]
[WhiteElo "1251"]
[BlackElo "1976"]

1.e4 e5 2.Nf3 Nc6 3.Bc4 Bc5 4.c3 Qe7 5.d4 Bb6 6.Be3 d6 7.Nbd2 Nf6 8.Qa4 O-O
9.Qc2 Bg4 10.h3 Bxf3 11.Nxf3 exd4 12.cxd4 Nxe4 13.O-O Rad8 14.Rfe1 d5 15.Bd3
Nb4 16.Qb3 Nxd3 17.Qxd3 f6 18.Rac1 Qf7 19.Bf4 Rfe8 20.Qc2 c6 21.Qb3 Rd7 22.Qb4
h6 23.Nd2 Nxd2 24.Qxd2 Rde7 25.Bd6 Rxe1+ 26.Rxe1 Rxe1+ 27.Qxe1 Bxd4 28.Qd2 Bb6
29.Qc2 Qe6 30.Bb4 Qe4 31.Qd2 Bd4 32.Bd6 Be5 33.Bc5 Qb1+ {#R} 0-1

[Event "185th MGU Open 2017"]
[Site "Sofia BUL"]
[Date "2017.04.09"]
[Round "5.5"]
[White "Ignatov,B"]
[Black "Ruschukov,Boyan"]
[Result "1-0"]
[WhiteElo "1770"]
[BlackElo "1801"]

1.d4 Nf6 2.c4 g6 3.Nc3 Bg7 4.e4 d6 5.Nf3 O-O 6.Be2 e5 7.O-O Nc6 8.d5 Ne7 9.Ne1
Ne8 10.f3 f5 11.Nd3 Nf6 12.Nf2 c5 13.Qc2 a6 14.a3 b5 15.cxb5 axb5 16.Bxb5 Ba6
17.Bxa6 Rxa6 18.Bd2 Qb8 19.Rfb1 Rc8 20.b4 cxb4 21.Rxb4 Qa8 22.Qb2 Nd7 23.Nb5
f4 24.Nd3 Kf7 25.Rc1 Rxc1+ 26.Qxc1 Qb8 27.Be1 Bf8 28.Bf2 g5 29.Nc7 Qc8 30.Nxa6
Qxa6 31.Qc3 h6 32.g3 Bg7 33.Rc4 Qb5 34.Qb4 Qa6 35.a4 Bf6 36.Qb5 Qxb5 37.axb5
Ke8 38.Rc6 Nxc6 39.dxc6 Kd8 40.cxd7 Kxd7 41.Nb4 Bd8 42.Nd5 {#r} 1-0

[Event "185th MGU Open 2017"]
[Site "Sofia BUL"]
[Date "2017.04.09"]
[Round "6.3"]
[White "Andreev,Do"]
[Black "Ignatov,B"]
[Result "0-1"]
[WhiteElo "1986"]
[BlackElo "1770"]

1.e4 c6 2.Nc3 d5 3.Nf3 Bg4 4.h3 Bh5 5.exd5 cxd5 6.g4 Bg6 7.Bb5+ Nc6 8.Ne5 Rc8
9.d4 e6 10.h4 f6 11.Nxc6 bxc6 12.Ba6 Rc7 13.h5 Bf7 14.f4 Bd6 15.Qf3 Ne7 16.Bd2
O-O 17.Ne2 c5 18.Ba5 Qb8 19.Qb3 Rd7 20.Qxb8 Rxb8 21.dxc5 Bxc5 22.O-O-O Nc6
23.Bc3 Nb4 24.Bxb4 Rxb4 25.a3 Rb6 26.Bd3 Rdb7 27.b4 Bd6 28.c3 e5 29.g5 fxg5
30.fxg5 a5 31.g6 hxg6 32.hxg6 Be6 33.Rh7 e4 34.Rdh1 Kf8 35.Nd4 Be5 36.bxa5
Bxd4 37.axb6 Be3+ 38.Kd1 exd3 39.Rf1+ Ke8 40.Rh8+ Kd7 41.Rf7+ Kc6 {#R} 0-1

[Event "185th MGU Open 2017"]
[Site "Sofia BUL"]
[Date "2017.04.09"]
[Round "6.4"]
[White "Georgiev,Nikolay"]
[Black "Mladenov,Andrey"]
[Result "1-0"]
[WhiteElo "1574"]
[BlackElo "1552"]

1.e4 c5 2.Nc3 Nc6 3.Bc4 d6 4.a3 Nf6 5.d3 g6 6.Nge2 Bg7 7.O-O O-O 8.Ng3 a6
9.Bg5 e6 10.Qd2 b5 11.Ba2 Nd4 12.Rac1 Qc7 13.Bh6 Bxh6 14.Qxh6 b4 15.axb4 cxb4
16.Nce2 Nxe2+ 17.Nxe2 Bb7 18.f4 Ng4 19.Qh4 Ne3 20.Rf3 Nxc2 21.Bb3 Qb6+ 22.Kh1
Na3 23.Rh3 h5 24.f5 Rfc8 25.Rxc8+ Rxc8 26.fxg6 {#r} 1-0

[Event "185th MGU Open 2017"]
[Site "Sofia BUL"]
[Date "2017.04.09"]
[Round "6.5"]
[White "Ruschukov,Boyan"]
[Black "Kostov,N"]
[Result "1-0"]
[WhiteElo "1801"]
[BlackElo "1668"]

1.d4 Nf6 2.c4 e6 3.Nc3 Bb4 4.Nf3 d5 5.Bg5 h6 6.Bxf6 Bxc3+ 7.bxc3 Qxf6 8.e3 O-O
9.Bd3 Nd7 10.O-O dxc4 11.Bxc4 b6 12.e4 Bb7 13.Re1 e5 14.Re3 Rad8 15.Qe2 Rfe8
16.Rd1 c5 17.Bb5 exd4 18.cxd4 Bc6 19.Bxc6 Qxc6 20.d5 Qa4 21.e5 Nf8 22.Re4 Qd7
23.a4 Ne6 24.d6 Qb7 25.Re3 Rd7 26.Qc4 Rc8 27.h3 Re8 28.Nh4 g6 29.f4 Kh7 30.f5
Nd4 31.fxg6+ fxg6 32.Rxd4 cxd4 33.Qxd4 Qb8 34.Qd3 Re6 35.Nf3 Qe8 36.Kf2 Qf7
37.Ke2 Qe8 38.Qb5 Rd8 39.Nd4 Qxb5+ 40.axb5 Ree8 41.Nc6 Rd7 42.Kd3 Kg7 43.Kd4
Re6 44.Ra3 a5 45.Kd5 Kf7 46.Rf3+ {#r} 1-0

[Event "185th MGU Open 2017"]
[Site "Sofia BUL"]
[Date "2017.04.09"]
[Round "6.6"]
[White "Ivanov,Ol BUL"]
[Black "Punchev,Ivan"]
[Result "0-1"]
[WhiteElo "1628"]
[BlackElo "1708"]

1.c4 d5 2.cxd5 Qxd5 3.Nc3 Qa5 4.d4 Bd7 5.Nf3 Nc6 6.a3 O-O-O 7.e3 Bg4 8.Bd2 Kb8
9.Nb5 Qb6 10.a4 a5 11.Be2 e6 12.h3 Bh5 13.O-O Nf6 14.Nc3 Bb4 15.Qe1 h6 16.Rd1
g5 17.Na2 Ne4 18.Nxb4 axb4 19.Ra1 Qa5 20.Bb5 Bxf3 21.gxf3 Nxd2 22.Qxd2 Ne5
23.Kg2 c6 24.Be2 h5 25.Rfc1 c5 26.Rxc5 Qxc5 27.Rc1 Qd6 28.Rc5 g4 29.Rxe5 Qxe5
30.Qxb4 gxh3+ 31.Kxh3 Qc7 32.a5 Rd6 33.f4 b6 34.a6 Ka7 35.Bf3 Rg8 36.Qe1 Qc4
37.Be2 Qd5 38.f3 Qf5+ 39.Kh2 e5 40.Qc3 Qd7 41.fxe5 Rdg6 42.Bf1 Qd8 43.Qe1 Qg5
44.d5 Qg1+ {#R} 0-1

[Event "ch-KAZ Women 2017"]
[Site "Almaty KAZ"]
[Date "2017.04.09"]
[Round "7.1"]
[White "Davletbayeva,M"]
[Black "Bauyrzhan,Arnash"]
[Result "1-0"]
[WhiteElo "2291"]
[BlackElo "2050"]

1.e4 c5 2.Nf3 e6 3.d4 cxd4 4.Nxd4 a6 5.c4 Nf6 6.Nc3 Bb4 7.Qd3 d6 8.Nc2 Bxc3+
9.bxc3 O-O 10.Ba3 Re8 11.Be2 d5 12.e5 Nfd7 13.f4 dxc4 14.Qxc4 Nc6 15.O-O Ne7
16.Bd3 Nf5 17.Bxf5 exf5 18.Rad1 Qh4 19.Ne3 Nf8 20.Qd3 Qh5 21.Bxf8 Rxf8 22.Rf3
h6 23.Nd5 Kh8 24.Nc7 Rb8 25.Qd6 Rg8 26.Rh3 Qg6 27.Qxg6 fxg6 28.e6 Bxe6 29.Nxe6
Rge8 30.Nc5 Re2 31.Rhd3 b6 32.Nxa6 Rb7 33.Nb4 Rc7 34.R1d2 Re1+ 35.Kf2 Rce7
36.Nc2 R1e4 37.g3 Ra7 38.Rd4 Re6 39.Nb4 Rae7 40.Rd7 {#r} 1-0

[Event "ch-KAZ Women 2017"]
[Site "Almaty KAZ"]
[Date "2017.04.09"]
[Round "7.2"]
[White "Barmagambetova,Sakypzhama"]
[Black "Mukhit,Aisezym"]
[Result "0-1"]
[WhiteElo "1829"]
[BlackElo "2016"]

1.d4 Nf6 2.Nf3 c5 3.e3 b6 4.d5 e6 5.c4 b5 6.dxe6 fxe6 7.cxb5 d5 8.b3 Bd6 9.Bb2
Nbd7 10.Nbd2 O-O 11.Be2 Qc7 12.Qc2 e5 13.e4 d4 14.O-O h6 15.Rac1 Bb7 16.Nh4
Qd8 17.Nf5 Bc7 18.f3 Nh5 19.b4 Bb6 20.Bc4+ Kh7 21.Kh1 cxb4 22.Nd6 Qh4 23.Qd3
Nc5 24.Qc2 d3 25.Bxd3 Ng3+ 26.Kg1 Nxd3+ {#R} 0-1

[Event "ch-KAZ Women 2017"]
[Site "Almaty KAZ"]
[Date "2017.04.09"]
[Round "7.3"]
[White "Abdumalik,Z"]
[Black "Rysbayeva,K"]
[Result "1-0"]
[WhiteElo "2442"]
[BlackElo "2043"]

1.e4 e5 2.Nf3 Nc6 3.Bb5 a6 4.Ba4 Nf6 5.O-O b5 6.Bb3 Bc5 7.c3 d6 8.d4 Bb6 9.h3
O-O 10.Be3 Bb7 11.Nbd2 Re8 12.d5 Ne7 13.Bxb6 cxb6 14.Re1 Ng6 15.c4 Nf4 16.cxb5
axb5 17.Nf1 N6h5 18.Kh2 Bc8 19.Ng1 Qg5 20.g3 Ng6 21.Qd2 Nhf4 22.Rac1 Nh4 23.f3
Qh5 24.gxh4 Qxh4 25.Kh1 Bxh3 26.Nxh3 Nxh3 27.Nh2 Nf2+ 28.Kg2 Qh3+ 29.Kxf2
Qxh2+ 30.Ke3 Qf4+ 31.Ke2 Qh2+ 32.Kd3 Qh3 33.Qe3 f5 34.Rh1 fxe4+ 35.Qxe4 Qd7
36.Qxh7+ Kf8 37.Rhg1 Qf7 38.Qh8+ Ke7 39.Rc7+ {#r} 1-0

[Event "ch-KAZ Women 2017"]
[Site "Almaty KAZ"]
[Date "2017.04.09"]
[Round "7.5"]
[White "Nakhbayeva,G"]
[Black "Ankudinova,Y"]
[Result "1-0"]
[WhiteElo "2304"]
[BlackElo "2166"]

1.d4 f5 2.c4 Nf6 3.Nc3 g6 4.g3 Bg7 5.Bg2 O-O 6.Nf3 d6 7.O-O c6 8.b3 Qc7 9.Ba3
a5 10.Rc1 Na6 11.d5 Bd7 12.Nd4 Nc5 13.Bb2 e5 14.dxe6 Nxe6 15.Nd5 Qd8 16.Nxe6
Bxe6 17.Nxf6+ Bxf6 18.Bxf6 Rxf6 19.Qd4 Bf7 20.Rfe1 Re6 21.Rcd1 Qf6 22.Qb6 Qe7
23.Rd2 Ra6 24.Qd4 Ra8 25.e3 Be8 26.Red1 Rd8 27.Qb6 Ra8 28.h4 h5 29.Rd3 Bf7
30.Bf3 Kh7 31.Qd4 Rd8 32.Qf4 Re5 33.Qd4 Re6 34.Qc3 Qc7 35.Rd4 Bg8 36.Qd3 Rf6
37.e4 fxe4 38.Rxe4 Be6 39.Rde1 Qf7 40.Qd2 Rf8 41.Bg2 d5 42.Re5 Rxf2 43.Qe3 d4
44.Qe4 Bf5 45.Qxd4 Rxg2+ 46.Kxg2 Kg8 47.Re7 {#r} 1-0

[Event "Bundesliga 2016-17"]
[Site "Dudenhofen GER"]
[Date "2017.04.09"]
[Round "12.5"]
[White "Meier,Geo"]
[Black "Baldauf,Marc"]
[Result "1-0"]
[WhiteElo "2648"]
[BlackElo "2431"]
[EventType "team"]

1.Nf3 Nf6 2.c4 g6 3.b3 Bg7 4.Bb2 c5 5.g3 b6 6.Bg2 Bb7 7.O-O O-O 8.Nc3 d6 9.d4
cxd4 10.Qxd4 Nbd7 11.Ne1 Bxg2 12.Nxg2 Qc8 13.Nd5 Re8 14.Rac1 Qb7 15.Nge3 Rac8
16.Rfd1 a6 17.Qd2 Rc5 18.Bd4 Rc6 19.a4 Rcc8 20.Qb2 Nxd5 21.Nxd5 Bh6 22.Rb1 b5
23.a5 e6 24.Nb6 Nxb6 25.Bxb6 bxc4 26.bxc4 Rxc4 27.Rxd6 Rec8 28.Rbd1 Rc1 29.Qf6
Bf8 30.Rd3 Qe7 31.Qxe7 Bxe7 32.Kg2 R1c2 33.Rd7 Bf6 34.e4 {#r} 1-0

[Event "ch-Moscow Final 2017"]
[Site "Moscow RUS"]
[Date "2017.04.08"]
[Round "8.3"]
[White "Zakhartsov,Vl"]
[Black "Savenkov,K"]
[Result "0-1"]
[WhiteElo "2470"]
[BlackElo "2324"]

1.e4 e6 2.d4 d5 3.Nd2 Be7 4.e5 c5 5.Qg4 Bf8 6.c3 Nc6 7.Bd3 Nh6 8.Qf4 cxd4
9.cxd4 Nb4 10.Bb1 Bd7 11.Ne2 Bb5 12.Qf3 Qb6 13.O-O Qa6 14.Re1 Nf5 15.Nb3 Bd3
16.Nc3 Bc4 17.Bxf5 exf5 18.e6 f6 19.e7 Bxb3 20.axb3 Qxa1 21.Nxd5 Bxe7 22.Nxe7
Nc2 23.Nxf5+ Nxe1 24.Qxb7 Nf3+ 25.gxf3 Qxc1+ 26.Kg2 Qg5+ 27.Kf1 O-O {#R} 0-1

[Event "ch-Moscow Final 2017"]
[Site "Moscow RUS"]
[Date "2017.04.08"]
[Round "8.5"]
[White "Ivanov,Ol UKR"]
[Black "Naumkin,I"]
[Result "0-1"]
[WhiteElo "2462"]
[BlackElo "2426"]

1.e4 e5 2.Nf3 Nc6 3.Bb5 a6 4.Ba4 Nf6 5.O-O Be7 6.Re1 b5 7.Bb3 O-O 8.c3 d6 9.h3
Na5 10.Bc2 c5 11.d4 Nd7 12.Nbd2 exd4 13.cxd4 Nc6 14.d5 Nce5 15.Nh2 c4 16.f4
Ng6 17.Ndf3 Re8 18.Be3 Bb7 19.Qd2 Bf6 20.Rab1 Rc8 21.Qf2 Nc5 22.f5 Ne5 23.Nxe5
Bxe5 24.Ng4 b4 25.Bxc5 Rxc5 26.Ba4 h5 27.Nxe5 Rxe5 28.Bd1 h4 29.a3 a5 30.axb4
axb4 31.Ra1 Qg5 32.Ra4 b3 33.Bf3 c3 34.bxc3 Rxc3 35.Rd1 Re7 36.Rb4 Ba6 37.Rb8+
Kh7 38.f6 Qxf6 39.Qb6 Rxf3 40.gxf3 Qg5+ 41.Kf2 Qg3+ 42.Ke3 Rxe4+ {#R} 0-1

[Event "ch-Moscow Final 2017"]
[Site "Moscow RUS"]
[Date "2017.04.08"]
[Round "8.6"]
[White "Gluhovsky,Mark"]
[Black "Apryshko,G"]
[Result "0-1"]
[WhiteElo "2262"]
[BlackElo "2334"]

1.e4 g6 2.d4 Bg7 3.Nc3 d6 4.Be3 a6 5.Qd2 Nd7 6.h4 h5 7.O-O-O b5 8.Nh3 Bb7
9.Ng5 Rc8 10.f3 c5 11.Kb1 Qa5 12.Ne2 Qxd2 13.Rxd2 cxd4 14.Nxd4 Bh6 15.Re2 Ne5
16.Bc1 Bg7 17.c3 Nf6 18.Re1 Nc4 19.b3 Nb6 20.Bb2 O-O 21.Bd3 Rfd8 22.Rd1 Nfd7
23.Rhe1 Be5 24.Ne2 Nc5 25.Bc2 a5 26.f4 Bg7 27.Nd4 Ba6 28.f5 Be5 29.Ngf3 Bg3
30.Rf1 b4 31.c4 Nbd7 32.e5 Nxe5 33.fxg6 fxg6 34.Ne2 Nxf3 35.Nxg3 Ne5 36.Bxe5
dxe5 37.Bxg6 a4 38.Kc2 axb3+ 39.axb3 Bb7 40.Nxh5 Rf8 41.g4 Bf3 42.Rde1 e4
43.g5 Rc6 44.Rxf3 Rxf3 45.Bxe4 Rc3+ 46.Kd2 Re6 47.Bd5 Nxb3+ {#R} 0-1

[Event "ch-Moscow Final 2017"]
[Site "Moscow RUS"]
[Date "2017.04.08"]
[Round "8.7"]
[White "Sychev,K"]
[Black "Yeletsky,Ivan"]
[Result "1-0"]
[WhiteElo "2461"]
[BlackElo "2367"]

1.Nf3 Nf6 2.c4 e6 3.g3 a6 4.e3 Be7 5.b3 O-O 6.Bb2 c5 7.Bg2 b5 8.Ne5 Ra7 9.Nc3
d6 10.Nf3 b4 11.Ne2 Rd7 12.d4 Bb7 13.O-O Qb6 14.Nf4 Be4 15.Bh3 Rdd8 16.Ng5 Bb7
17.Qc2 Qc7 18.Bxe6 fxe6 19.Nfxe6 Qc8 20.d5 Nbd7 21.Nxh7 Ne5 22.Nhxf8 Nf3+
23.Kg2 Rxf8 24.e4 Ng4 25.Nxf8 Qxf8 26.Qe2 {#r} 1-0

[Event "ch-Moscow Final 2017"]
[Site "Moscow RUS"]
[Date "2017.04.08"]
[Round "8.8"]
[White "Salman,P"]
[Black "Geivondian,Arman"]
[Result "0-1"]
[WhiteElo "2295"]
[BlackElo "2388"]

1.d4 d5 2.g3 Nf6 3.Bg2 c6 4.Nf3 Bf5 5.O-O e6 6.c4 Nbd7 7.b3 h6 8.Bb2 Be7 9.Nc3
O-O 10.Nd2 Qb6 11.Kh1 Bh7 12.e3 Bd3 13.c5 Qc7 14.Re1 e5 15.b4 e4 16.f3 exf3
17.Qxf3 Rae8 18.a4 Bg6 19.b5 Nh7 20.a5 a6 21.bxc6 bxc6 22.Qf1 Qb7 23.Bc1 Ndf6
24.Ra4 Ng5 25.h4 Nge4 26.Ncxe4 Nxe4 27.Nxe4 Bxe4 28.Bxe4 dxe4 29.Bd2 Qc8
30.Kh2 Bd8 31.Bc3 Bc7 32.Qh3 f5 33.Ra2 Qe6 34.Rb2 Rf7 35.Reb1 Ree7 36.Qf1 {#R}
0-1

[Event "ch-Moscow Women 2017"]
[Site "Moscow RUS"]
[Date "2017.04.08"]
[Round "8.3"]
[White "Dimitrova,Aleksandra"]
[Black "Borisova,Ekaterina"]
[Result "1-0"]
[WhiteElo "2246"]
[BlackElo "2078"]

1.e4 c5 2.Nf3 d6 3.Bb5+ Bd7 4.Bxd7+ Qxd7 5.c4 Nc6 6.d4 Qg4 7.O-O cxd4 8.Nxd4
Nf6 9.Nxc6 bxc6 10.f3 Qd7 11.Nc3 e5 12.Qd3 Be7 13.b3 O-O 14.Ba3 Rad8 15.Rad1
Qe6 16.Bc1 Nd7 17.Be3 Nc5 18.Qe2 a5 19.Rb1 Nd7 20.a3 f5 21.b4 axb4 22.axb4
fxe4 23.fxe4 Rxf1+ 24.Rxf1 Nf6 25.Bg5 Rb8 26.Bxf6 gxf6 27.b5 Rf8 28.h3 Kh8
29.Rb1 Rg8 30.bxc6 d5 31.exd5 Qxh3 32.Na4 Qa3 33.Qc2 Qe3+ 34.Qf2 Qa3 35.c7
Qxa4 36.d6 Qd7 37.Rb8 f5 38.Qg3 Rf8 39.Qxe5+ Kg8 40.Qxe7 {#r} 1-0

[Event "Karpos Open 2017"]
[Site "Skopje MKD"]
[Date "2017.04.08"]
[Round "9.2"]
[White "Savchenko,B"]
[Black "Kovchan,A"]
[Result "1-0"]
[WhiteElo "2636"]
[BlackElo "2577"]

1.d4 Nf6 2.Nf3 g6 3.Bf4 Bg7 4.e3 d6 5.Be2 O-O 6.h3 Nc6 7.Nc3 Qe8 8.d5 Nb8 9.e4
e5 10.Bc1 Nh5 11.Nd2 f5 12.exf5 Nf4 13.f6 Qf7 14.Nde4 Bxf6 15.Bf3 Be7 16.Be3
a6 17.Qd2 b5 18.a3 Nd7 19.h4 Nb6 20.b3 Bb7 21.Bxb6 cxb6 22.O-O-O Bc8 23.Ng5
Qg7 24.Qe3 Rb8 25.g3 h6 26.Nge4 Nh5 27.Na2 Nf6 28.Nb4 Bf5 29.Rd2 Rbc8 30.Kb1
Kh8 31.Nxf6 Bxf6 32.Be4 Bxe4 33.Qxe4 a5 34.Nc6 g5 35.hxg5 Bxg5 36.Re2 Qh7
37.Qg4 Rce8 38.f3 Rg8 39.Qh5 Ref8 40.Reh2 Rf5 41.Qg4 Bf4 42.Qxf5 Qxf5 43.Ne7
Qh7 44.Nxg8 Qxg8 45.gxf4 Qxd5 46.Rg2 Qc5 {#r} 1-0

[Event "Karpos Open 2017"]
[Site "Skopje MKD"]
[Date "2017.04.08"]
[Round "9.3"]
[White "Demchenko,A"]
[Black "Brokken,D"]
[Result "1-0"]
[WhiteElo "2628"]
[BlackElo "2370"]

1.e4 c5 2.Nf3 Nc6 3.Bb5 g6 4.Bxc6 dxc6 5.d3 Bg7 6.h3 e5 7.Nbd2 Qc7 8.Nc4 b5
9.Ncd2 Nf6 10.O-O O-O 11.Nb3 c4 12.Nc5 Nd7 13.Be3 Nxc5 14.Bxc5 Rd8 15.Qe2 cxd3
16.cxd3 a5 17.a3 Be6 18.Rfc1 Rd7 19.Rc3 Rad8 20.Ng5 Re8 21.Rac1 f6 22.Nxe6
Rxe6 23.b4 Bf8 24.Qa2 {#r} 1-0

[Event "Karpos Open 2017"]
[Site "Skopje MKD"]
[Date "2017.04.08"]
[Round "9.5"]
[White "Sadikhov,U"]
[Black "Korneev,O"]
[Result "1-0"]
[WhiteElo "2453"]
[BlackElo "2594"]

1.e4 c5 2.Nf3 e6 3.g3 Nc6 4.Bg2 Nf6 5.d3 d5 6.Nbd2 Be7 7.O-O O-O 8.Re1 b5 9.e5
Nd7 10.Nf1 a5 11.h4 b4 12.h5 a4 13.h6 g6 14.Bf4 Bb7 15.N1h2 Nd4 16.Nxd4 cxd4
17.Qg4 b3 18.axb3 axb3 19.Rxa8 Qxa8 20.cxb3 Nc5 21.Bf1 Ba6 22.Bg5 Bxg5 23.Qxg5
Qd8 24.Qf4 Nxb3 25.Nf3 f5 26.exf6 Qxf6 27.Qxf6 Rxf6 28.Ng5 Nc5 29.Rc1 Nxd3
30.Bxd3 Bxd3 31.Rc7 Be2 32.Rg7+ Kh8 33.Rxh7+ Kg8 34.Re7 Rf8 35.Nxe6 d3 36.h7+
Kh8 37.Nxf8 Bh5 38.Kf1 d2 39.Nxg6+ Bxg6 40.Ke2 {#r} 1-0

[Event "Karpos Open 2017"]
[Site "Skopje MKD"]
[Date "2017.04.08"]
[Round "9.6"]
[White "Berzinsh,R"]
[Black "Djukic,Ni"]
[Result "1-0"]
[WhiteElo "2428"]
[BlackElo "2515"]

1.e4 g6 2.d4 Bg7 3.Nf3 d6 4.Bc4 e6 5.Bb3 Ne7 6.O-O a6 7.a4 b6 8.Re1 O-O 9.Nbd2
c5 10.c3 cxd4 11.cxd4 Nbc6 12.Nf1 Bb7 13.h4 h6 14.Ne3 Kh7 15.Ra3 Rc8 16.h5 g5
17.d5 exd5 18.exd5 Nb4 19.Bd2 a5 20.Bxb4 axb4 21.Bc2+ Kg8 22.Rb3 Nxd5 23.Nf5
Nf4 24.Bb1 Rc5 25.g3 Nxh5 26.N3d4 Nf6 27.Nxg7 Kxg7 28.Nf5+ Kh8 29.Qd4 Re5
30.Rbe3 Rfe8 31.Nxd6 Rxe3 32.fxe3 Kg7 33.Rf1 Rf8 34.Nxb7 Qxd4 35.exd4 Nd5
36.Nd6 Ne3 37.Re1 Rd8 38.Nb5 Nc4 39.Re2 b3 40.Kf2 Ra8 41.Nc3 Rc8 42.Bf5 Rd8
43.d5 Nd6 44.Bd3 Nb7 45.Bc4 Nc5 46.Bb5 h5 47.Re7 Kf6 48.Rc7 Rh8 49.a5 {#r} 1-0

[Event "Karpos Open 2017"]
[Site "Skopje MKD"]
[Date "2017.04.08"]
[Round "9.7"]
[White "Anurag,M"]
[Black "Rzayev,B"]
[Result "1-0"]
[WhiteElo "2454"]
[BlackElo "2391"]

1.c4 e5 2.g3 Nc6 3.Bg2 g6 4.Nc3 Bg7 5.a3 a5 6.d3 d6 7.Rb1 f5 8.e3 Nf6 9.Nge2
O-O 10.O-O Be6 11.f4 Rb8 12.b4 axb4 13.axb4 Kh8 14.b5 Ne7 15.Ba3 Re8 16.h3 Bg8
17.Qc2 exf4 18.gxf4 d5 19.c5 d4 20.Nxd4 Ned5 21.Nxd5 Nxd5 22.Bxd5 Qxd5 23.Qf2
Ra8 24.Bb2 Ra2 25.Nf3 Qxd3 26.Ne5 Rxe5 27.fxe5 Bd5 28.Rbd1 Qe4 29.Qf3 Rxb2
30.Qxe4 Bxe4 31.Rd8+ Bf8 32.Rfd1 f4 33.R1d7 Kg8 34.e6 Rg2+ 35.Kf1 fxe3 36.e7
Rf2+ 37.Ke1 Bg2 38.Rxf8+ {#r} 1-0

[Event "Karpos Open 2017"]
[Site "Skopje MKD"]
[Date "2017.04.08"]
[Round "9.15"]
[White "Nasuta,G"]
[Black "Urazayev,Arystanbek"]
[Result "1-0"]
[WhiteElo "2447"]
[BlackElo "2320"]

1.e4 e5 2.Nf3 Nc6 3.Bc4 Nf6 4.d3 Be7 5.c3 O-O 6.O-O d6 7.a4 Na5 8.Ba2 c5 9.Re1
Nc6 10.Na3 h6 11.Bd2 Re8 12.h3 Bf8 13.Nc4 Be6 14.b4 cxb4 15.cxb4 Rc8 16.b5 Nb8
17.Na5 Bxa2 18.Rxa2 b6 19.Nc4 Nxe4 20.Rxe4 d5 21.Rxe5 dxc4 22.Rxe8 Qxe8
23.dxc4 Rxc4 24.Be3 Bb4 25.Qd5 Rc8 26.Ra1 Rd8 27.Qc4 Bd6 28.Re1 Qd7 29.Kh1 Rc8
30.Qb3 Qf5 31.Rd1 Bf8 32.Qd5 Qf6 33.Bd4 Qd8 34.Be5 Qe8 35.Bg3 Be7 36.Qb7 Bc5
37.Qxa7 f5 38.Be5 Bf8 39.Kg1 Qe6 40.Bxb8 {#r} 1-0

[Event "Karpos Open 2017"]
[Site "Skopje MKD"]
[Date "2017.04.08"]
[Round "9.16"]
[White "Nguyen,P"]
[Black "Stathopoulos,I"]
[Result "1-0"]
[WhiteElo "2444"]
[BlackElo "2377"]

1.g3 Nf6 2.c4 g6 3.Bg2 Bg7 4.Nc3 O-O 5.e4 c5 6.Nge2 Nc6 7.d3 b6 8.O-O Bb7 9.h3
Ne8 10.Be3 Nd6 11.Qd2 f5 12.f4 fxe4 13.dxe4 Nd4 14.Qd3 Nxe2+ 15.Nxe2 Bxb2
16.Rad1 Bg7 17.Bf2 Bc6 18.e5 Nb7 19.Nc3 Na5 20.h4 Bxg2 21.Kxg2 d6 22.Qe4 Rc8
23.Nb5 Qd7 24.exd6 exd6 25.Nxd6 Rcd8 26.Rd5 Nb7 27.Nb5 Qe8 28.Qd3 Rxd5
29.Qxd5+ Qf7 30.Nxa7 Ra8 31.Nb5 Qxd5+ 32.cxd5 Rxa2 33.Re1 Rd2 34.Re8+ Bf8
35.Rb8 Na5 36.Nc7 Kf7 37.Rxb6 Nc4 38.Ra6 Ne3+ 39.Kf3 Nxd5 40.Ne6 Nb4 41.Ng5+
Ke8 42.Ra8+ {#r} 1-0

[Event "Karpos Open 2017"]
[Site "Skopje MKD"]
[Date "2017.04.08"]
[Round "9.20"]
[White "Petrov,Vl5"]
[Black "Sahin,Oz"]
[Result "1-0"]
[WhiteElo "2353"]
[BlackElo "2181"]

1.e4 c5 2.Nf3 Nc6 3.d4 cxd4 4.Nxd4 g6 5.Nc3 Bg7 6.Be3 Nf6 7.Bc4 O-O 8.Bb3 a5
9.O-O a4 10.Nxa4 Nxe4 11.Nb5 Ra6 12.Qe2 d6 13.c4 Nf6 14.Rad1 Na5 15.Bc2 Be6
16.b3 Qc8 17.Nac3 Nc6 18.Bb1 Rd8 19.Nd5 Bxd5 20.cxd5 Nb4 21.Rc1 Qg4 22.f3 Qh5
23.Nc7 Ra3 24.g4 Qh3 25.Qd2 Na6 26.Nb5 Nb4 27.Qxb4 Nxd5 28.Qd2 Nxe3 29.Qxe3
Ra5 30.Qxe7 Rf8 31.Qxb7 Bh6 32.Rce1 Bf4 33.Rf2 h5 34.Qe4 Be5 35.a4 Raa8 36.f4
Bf6 37.Qf3 hxg4 38.Qxh3 gxh3 39.Rf3 Rfe8 40.Kf1 Bh4 41.Re2 Rac8 42.Rxe8+ Rxe8
43.Rxh3 Re1+ 44.Kg2 Rxb1 45.Rxh4 Rb2+ 46.Kg1 Rxb3 47.f5 g5 48.Rd4 Rb1+ 49.Kg2
{#r} 1-0

[Event "Karpos Open 2017"]
[Site "Skopje MKD"]
[Date "2017.04.08"]
[Round "9.21"]
[White "Strugnell,C"]
[Black "Nikolovski,Nikola"]
[Result "0-1"]
[WhiteElo "2224"]
[BlackElo "2353"]

1.e4 c5 2.Nf3 d6 3.Bb5+ Nd7 4.c3 Nf6 5.Qe2 a6 6.Ba4 e6 7.O-O Be7 8.d4 b5 9.Bc2
Bb7 10.Rd1 Qb6 11.b3 Rc8 12.Bd3 d5 13.e5 Ne4 14.Bb2 O-O 15.Nfd2 f5 16.exf6
Ndxf6 17.f3 Ng5 18.a4 c4 19.Bc2 Bd6 20.Qe3 h6 21.a5 Qc7 22.Nf1 Nh5 23.Ba3 Bf4
24.Qe1 Rf6 25.Qh4 Qf7 26.Be7 Qxe7 27.Qxh5 e5 28.Re1 Qc7 29.h4 Nf7 30.bxc4 exd4
31.cxb5 Qc5 32.Kh1 dxc3 33.bxa6 Bxa6 34.Rd1 Qf2 35.Na3 Bxf1 36.Qg4 Ba6 37.Rxd5
Ne5 38.Rxe5 Bxe5 39.Qe4 Rf4 {#R} 0-1

[Event "Karpos Open 2017"]
[Site "Skopje MKD"]
[Date "2017.04.08"]
[Round "9.22"]
[White "Veselinov,Dimcho"]
[Black "Bjerre,Jonas"]
[Result "0-1"]
[WhiteElo "2181"]
[BlackElo "2342"]

1.Nf3 Nf6 2.g3 b5 3.Bg2 Bb7 4.O-O e6 5.d3 d5 6.Nbd2 Be7 7.Re1 O-O 8.e4 dxe4
9.Ng5 Nd5 10.Ndxe4 h6 11.Nh3 b4 12.Nf4 c5 13.Nh5 Kh7 14.c4 bxc3 15.Nxc3 g6
16.Nf4 Nxc3 17.bxc3 Bxg2 18.Nxg2 Bf6 19.Qd2 Bg7 20.Ne3 Nc6 21.Nc4 Rb8 22.Ba3
Na5 23.Ne5 Bxe5 24.Bxc5 Bd6 25.Bxa7 Rb7 26.Be3 h5 27.Rac1 Be7 28.Qe2 Bf6
29.Red1 Qd7 30.g4 hxg4 31.Qxg4 e5 32.Qf3 Qe6 33.d4 e4 34.Qf4 g5 35.Qg3 Nc4
36.d5 Qf5 37.Bd4 Be7 38.Be3 Bd6 39.Qg2 Rb2 40.Re1 Ne5 {#R} 0-1

[Event "Karpos Open 2017"]
[Site "Skopje MKD"]
[Date "2017.04.08"]
[Round "9.24"]
[White "Petrov,G MKD"]
[Black "Konstantinov,Alek2"]
[Result "1-0"]
[WhiteElo "2174"]
[BlackElo "2304"]

1.e4 e6 2.d4 d5 3.exd5 exd5 4.Bd3 Nc6 5.c3 Bd6 6.Nf3 Nge7 7.O-O Bg4 8.Bg5 f6
9.Bh4 Qd7 10.Nbd2 O-O-O 11.Qc2 h5 12.b4 Rde8 13.Rfe1 Kb8 14.Bg3 Bxg3 15.hxg3
g5 16.Re3 Nf5 17.Rxe8+ Rxe8 18.Re1 Rh8 19.Nf1 Nd6 20.N1h2 Bxf3 21.Nxf3 h4
22.gxh4 g4 23.Nh2 Rxh4 24.Qe2 f5 25.Qe6 Qh7 26.Qxf5 Qh6 27.Re6 Qc1+ 28.Nf1 a6
29.Qf6 Rh5 30.Re3 Nc4 31.Qf8+ Ka7 32.Qc5+ Nb6 33.a4 Kb8 34.a5 Nc8 35.Bxa6 bxa6
36.Qxc6 Nd6 37.Re8+ Nc8 38.Re3 Rh1+ 39.Kxh1 Qxf1+ 40.Kh2 Qxf2 41.Rg3 Qf5
42.Qe6 {#r} 1-0